|
|
|
|
| LEADER |
00000cam a2200000 7i4500 |
| 001 |
0000004883 |
| 002 |
000005266 |
| 005 |
20000330.0 |
| 020 |
|
|
|a 9839986341
|
| 090 |
0 |
0 |
|a 338.4
|b IND
|
| 245 |
0 |
0 |
|a Industrialisation from an Islamic perspective
|c edited by Aidit bin Haji Ghazali
|
| 260 |
|
|
|a Kuala Lumpur :
|b IKIM ,
|c 1993
|
| 300 |
|
|
|a 188p. :
|b ill. ;
|c 22cm.
|
| 650 |
0 |
0 |
|a Economic development
|x Religious aspects
|x Islam
|
| 650 |
0 |
0 |
|a Industrialization
|x Islamic perspective
|
| 650 |
0 |
0 |
|a Muslim world
|x Industries
|
| 651 |
|
0 |
|a Malaysia
|x Economic conditions
|
| 700 |
0 |
|
|a Aidit bin Haji Ghazali
|
| 999 |
|
|
|a 034806
|b BUKU
|c MALAYSIANA
|e PERPUSTAKAAN KOMUNITI PETALING JAYA
|